| 000 | 01063nam a22002651i 4500 | ||
|---|---|---|---|
| 001 | 13133 | ||
| 003 | ES-MaACL | ||
| 005 | 20230906150514.0 | ||
| 007 | t| | ||
| 008 | 900725s1976 sp r ||||0| spa j | ||
| 016 | 7 | _zIND9100094672 | |
| 040 |
_aM-BN _bspa _cA2 |
||
| 080 | _a75 Bores, Francisco.061.43(464.1 M.)"1976" | ||
| 080 | _a061.43(464.1 M.)"1976":75 Bores, Francisco | ||
| 100 | 1 |
_aBores, Francisco ( _d1898-1972) _930440 |
|
| 245 | 1 | 0 |
_aFrancisco Bores _b: 1898-1972.- exposición antológica: salas de exposiciones de la Dirección General del Patrimonio Artistico y Cultural. |
| 260 |
_a[Madrid] : _bComisaria Nacional de Museos de Extensión Cultural, Patronato Nacional de Museos], _cD.L. 1976. |
||
| 300 |
_a101 p., 1 h : _bil. neg. y col ; _c25 cm. |
||
| 600 | 1 | 4 |
_aBores, Francisco ( _d1898-1972)- _vExposiciones. _930441 |
| 655 | 7 |
_2tgfbne _9193628 _aCatálogos de exposiciones |
|
| 710 | 2 |
_aPatronato Nacional de Museos (España) _96192 |
|
| 852 |
_aES-MaACL _jL-20475 _bR.123346 |
||
| 942 | _2udc | ||
| 999 |
_c13133 _d13133 |
||